Suomen kunnat - Äkkikuolema - Statistics

Yleistilastot
  • Tätä visaa on pelattu 1 441 kertaa
  • Keskiarvotulos 7 / 14
Answers on the Grid
Answers color-coded by a green-red scale on the quiz's grid according to % correct below.
Askola
Bergö
Honkajoki
Ii
Ivalo
Jämijärvi
Kaarina
Kemijoki
Kiiruna
Lemland
Liminka
Nokia
Outokumpu
Paltamo
Pasila
Pieksämäki
Pyhäranta
Siikajoki
Soini
Sortavala
Toijala
Tyrnävä
Vaalimaa
Äetsä
 
Vastaustilastot
Vastaus % Oikein
Ii
75%
Askola
73%
Kaarina
58%
Pieksämäki
55%
Nokia
53%
Outokumpu
50%
Liminka
48%
Jämijärvi
46%
Tyrnävä
46%
Siikajoki
44%
Soini
43%
Lemland
42%
Paltamo
42%
Pyhäranta
41%
Ehtoja vastaavia visoja ei löytynyt
Tulosjakauma
Jokaisen tuloksen saaneiden osuus
Persentiili vastausten määrän mukaan
Tuloshistoriasi
Et ole pelannut tätä visaa